书目信息 |
| 题名: |
影坛风云录
|
|
| 作者: | 袁文殊 | |
| 分册: | ||
| 出版信息: | 北京 中国电影出版社 1984.08 |
|
| 页数: | 221页 | |
| 开本: | 19cm | |
| 丛书名: | ||
| 单 册: | ||
| 中图分类: | I207.35 | |
| 科图分类: | ||
| 主题词: | 文学--中国 | |
| 电子资源: | ||
| ISBN: | ||
| 000 | 00527nam0 2200205 45 | |
| 001 | 0308271075 | |
| 005 | 20030827104529.3 | |
| 010 | @dRMB1.45 | |
| 091 | @a8061.2342 | |
| 100 | @a20030827d1984 km y0chiy0120 ea | |
| 101 | @achi | |
| 105 | @a z 000yy | |
| 200 | 1 | @a影坛风云录@Aying tan feng yun lu@f袁文殊@Fyuan wen shu |
| 210 | @a北京@c中国电影出版社@d1984.08 | |
| 215 | @a221页@c无图表@d19cm | |
| 606 | 0 | @a文学@x中国 |
| 690 | @aI207.35@v3 | |
| 701 | 0 | @a袁文殊 |
| 801 | @aCN@b@c20030827 | |
| 905 | @aBZT@dI207.35@e15 | |
| 影坛风云录/袁文殊.-北京:中国电影出版社,1984.08 |
| 221页:无图表;19cm |
| ISBN :RMB1.45 |
| ● |
| 相关链接 |
|
|
|
正题名:影坛风云录
索取号:I207.35/15
 
预约/预借
| 序号 | 登录号 | 条形码 | 馆藏地/架位号 | 状态 | 备注 |
| 1 | 4902 | 200113019 | 中心书库中库/打包BH0969/ [索取号:I207.35/15] | 在馆 |